<?xml version="1.0" encoding="UTF-8"?>
<record
    xmlns:xsi="http://www.w3.org/2001/XMLSchema-instance"
    xsi:schemaLocation="http://www.loc.gov/MARC21/slim http://www.loc.gov/standards/marcxml/schema/MARC21slim.xsd"
    xmlns="http://www.loc.gov/MARC21/slim">

  <leader>03957nam a2200457Ia 4500</leader>
  <controlfield tag="001">dia_5200</controlfield>
  <controlfield tag="003">CHAP</controlfield>
  <controlfield tag="005">20250519132757.0</controlfield>
  <controlfield tag="007">ta</controlfield>
  <controlfield tag="008">220117s2003    mx adb frm    001 0 spa d</controlfield>
  <datafield tag="010" ind1=" " ind2=" ">
    <subfield code="a">176086</subfield>
  </datafield>
  <datafield tag="040" ind1=" " ind2=" ">
    <subfield code="c">CHAP</subfield>
    <subfield code="a">mxchpua</subfield>
  </datafield>
  <datafield tag="041" ind1="0" ind2=" ">
    <subfield code="a">spa</subfield>
    <subfield code="b">eng</subfield>
  </datafield>
  <datafield tag="090" ind1=" " ind2=" ">
    <subfield code="a">Tesis</subfield>
    <subfield code="b">C75</subfield>
    <subfield code="c">2003</subfield>
  </datafield>
  <datafield tag="100" ind1="1" ind2=" ">
    <subfield code="a">Crisp&#xED;n Isidro, Guadalupe</subfield>
  </datafield>
  <datafield tag="240" ind1="1" ind2="0">
    <subfield code="a">Study of technical feasibility economico for the addition of a line of production of chile habanero in escabeche in a company located in the municipality of unam, Yucatan.</subfield>
    <subfield code="l">Espa&#xF1;ol</subfield>
  </datafield>
  <datafield tag="245" ind1="1" ind2="0">
    <subfield code="a">Estudio de factibilidad t&#xE9;cnico-econ&#xF3;mico para la adici&#xF3;n de una l&#xED;nea de producci&#xF3;n de chile habanero en escabeche en una empresa ubicada en el municipio de Um&#xE1;n, Yucat&#xE1;n /</subfield>
    <subfield code="c">Guadalupe Crisp&#xED;n Isidro y Jorge Gustavo Dzul Cauich</subfield>
  </datafield>
  <datafield tag="264" ind1=" " ind2=" ">
    <subfield code="a">Chapingo, M&#xE9;xico:</subfield>
    <subfield code="b">El autor,</subfield>
    <subfield code="c">2003</subfield>
  </datafield>
  <datafield tag="300" ind1=" " ind2=" ">
    <subfield code="a">ix, 93 hojas :</subfield>
    <subfield code="b">ilustraciones, tablas, gr&#xE1;ficas, mapas </subfield>
  </datafield>
  <datafield tag="336" ind1=" " ind2=" ">
    <subfield code="2">rdacontent</subfield>
    <subfield code="a">texto</subfield>
    <subfield code="b">txt</subfield>
  </datafield>
  <datafield tag="337" ind1=" " ind2=" ">
    <subfield code="2">rdamedia</subfield>
    <subfield code="a">no mediado</subfield>
    <subfield code="b">n</subfield>
  </datafield>
  <datafield tag="338" ind1=" " ind2=" ">
    <subfield code="2">rdacarrier</subfield>
    <subfield code="a">volumen</subfield>
    <subfield code="b">nc</subfield>
  </datafield>
  <datafield tag="502" ind1=" " ind2=" ">
    <subfield code="a">Tesis</subfield>
    <subfield code="b">(Ingeniero Agroindustrial) --</subfield>
    <subfield code="c">UACh. Departamento de Ingenier&#xED;a Agroindustrial,</subfield>
    <subfield code="d">2003</subfield>
  </datafield>
  <datafield tag="504" ind1=" " ind2=" ">
    <subfield code="a">Bibliograf&#xED;a: hojas 91-92</subfield>
  </datafield>
  <datafield tag="520" ind1="3" ind2=" ">
    <subfield code="a">Debido a que la Empresa Alimentos y Aderezos del Sureste S.A. DE C. V.. ubicada en le municipio de Uman, Estado de Yucat&#xE1;n, pretende la adici&#xF3;n de una nueva l&#xED;nea de producci&#xF3;n para diversificar sus productos de chile habanero e incrementar suo ingresos, se realizo un estudio para determinar la factibilidad t&#xE9;cnico-econ&#xF3;mica de la misma. La materia prima que es el chile habanero se obtiene a trav&#xE9;s de productores que tienen realizado contratos directos con la empresa, la cantidad necesaria para la elaboraci&#xF3;n de los chiles habanero en escabeche, es de 69.0 Kq. Por d&#xED;a, con lo cual se obtienen un total de 69 cajas de 12 piezas de 200 g. cada uno de producto terminado. El total de capital de trabajo necesario es de 98,356 pesos la cual se cubre a trav&#xE9;s de un cr&#xE9;dito de av&#xED;o proporcionado por F.l.R.A El factor de riesgo mas importante son los fen&#xF3;menos climatol&#xF3;gicos y el abasto de materia prima. EI proyecto se considera viable en tales condiciones presentando una tasa de rentabilidad de 49.9% </subfield>
  </datafield>
  <datafield tag="520" ind1="3" ind2=" ">
    <subfield code="a">Because the Company Alimentos y Aderezos del sureste S. A. de C. V., located in the municipality of Uman, State of Yucatan, it tries the addition of new line of production to diversify its products of chile habanero and to increase its entrance, was made a study to determine the technical-economic feasibility of the same one. The raw material that is chile habanero obtains through producers that they have made direct contracts with the company, the necessary amount for the elaboration of chile habanero in escabeche, is of 69,0 kg. For day, with which a total of 69 boxes of 12 pieces of 200 g. each one is obtained of finished product. The total of capital of work necessary is of 98.356 pesos which are covered through a credit of provision provided by F.I.R.A. The factor of important risk is the climatologic phenomena and the supply of raw material. The project considers in such conditions presenting a rate viable of yield of 49.9% </subfield>
  </datafield>
  <datafield tag="650" ind1="1" ind2="3">
    <subfield code="a">Canning industry  </subfield>
    <subfield code="2">atg</subfield>
  </datafield>
  <datafield tag="650" ind1="1" ind2="3">
    <subfield code="a">Capsicum chinense  </subfield>
    <subfield code="2">atg</subfield>
  </datafield>
  <datafield tag="650" ind1="1" ind2="3">
    <subfield code="a">Entrepreneurship</subfield>
    <subfield code="z">Mexico</subfield>
    <subfield code="z">Yucat&#xE1;n</subfield>
  </datafield>
  <datafield tag="650" ind1="1" ind2="3">
    <subfield code="a">Industria conservera  </subfield>
    <subfield code="2">atg</subfield>
  </datafield>
  <datafield tag="650" ind1="1" ind2="3">
    <subfield code="a">Iniciativa empresarial</subfield>
    <subfield code="z">M&#xE9;xico</subfield>
    <subfield code="z">Yucat&#xE1;n  </subfield>
    <subfield code="2">atg</subfield>
  </datafield>
  <datafield tag="700" ind1="1" ind2=" ">
    <subfield code="a">Dzul Cauich, Jorge Gustavo</subfield>
    <subfield code="e">autor</subfield>
  </datafield>
  <datafield tag="700" ind1="1" ind2=" ">
    <subfield code="a">Ponce Hern&#xE1;ndez, Pedro</subfield>
    <subfield code="e">director</subfield>
  </datafield>
  <datafield tag="700" ind1="1" ind2=" ">
    <subfield code="a">Corrales Garc&#xED;a, Jos&#xE9; Joel Enrique</subfield>
    <subfield code="e">asesor</subfield>
  </datafield>
  <datafield tag="700" ind1="1" ind2=" ">
    <subfield code="a">P&#xE9;rez Pelayo, Fernando</subfield>
    <subfield code="e">asesor</subfield>
  </datafield>
  <datafield tag="856" ind1="4" ind2="1">
    <subfield code="u">http://10.13.5.2/tesis/2003_CRISPIN_ISIDRO_GUADALUPE_Y_DZUL_CAUICH_JORGE_GUSTAVO_Tesis.pdf</subfield>
    <subfield code="y">DESCARGAR PDF</subfield>
  </datafield>
  <datafield tag="901" ind1=" " ind2=" ">
    <subfield code="a">TESIS C75 2003</subfield>
  </datafield>
  <datafield tag="902" ind1=" " ind2=" ">
    <subfield code="a">M</subfield>
  </datafield>
  <datafield tag="905" ind1=" " ind2=" ">
    <subfield code="a">5232272003                          mx bn  8223223322spa16</subfield>
  </datafield>
  <datafield tag="942" ind1=" " ind2=" ">
    <subfield code="c">TESIS</subfield>
    <subfield code="2">Clasificaci&#xF3;n Universidad Aut&#xF3;noma Chapingo</subfield>
  </datafield>
  <datafield tag="999" ind1=" " ind2=" ">
    <subfield code="c">176086</subfield>
    <subfield code="d">176086</subfield>
  </datafield>
  <datafield tag="952" ind1=" " ind2=" ">
    <subfield code="0">0</subfield>
    <subfield code="1">0</subfield>
    <subfield code="2">local</subfield>
    <subfield code="4">0</subfield>
    <subfield code="5">5</subfield>
    <subfield code="7">0</subfield>
    <subfield code="8">TESIS</subfield>
    <subfield code="a">IA_</subfield>
    <subfield code="b">IA_</subfield>
    <subfield code="d">2022-01-18</subfield>
    <subfield code="e">El autor</subfield>
    <subfield code="l">0</subfield>
    <subfield code="o">Tesis C75 2003</subfield>
    <subfield code="p">1101010386</subfield>
    <subfield code="r">2026-02-02 00:00:00</subfield>
    <subfield code="t">Ej.2</subfield>
    <subfield code="w">2022-01-18</subfield>
    <subfield code="y">TESIS</subfield>
  </datafield>
  <datafield tag="952" ind1=" " ind2=" ">
    <subfield code="0">0</subfield>
    <subfield code="1">0</subfield>
    <subfield code="2">local</subfield>
    <subfield code="4">0</subfield>
    <subfield code="5">1</subfield>
    <subfield code="7">0</subfield>
    <subfield code="8">TESIS</subfield>
    <subfield code="a">IA_</subfield>
    <subfield code="b">IA_</subfield>
    <subfield code="d">2022-01-18</subfield>
    <subfield code="e">El autor</subfield>
    <subfield code="l">0</subfield>
    <subfield code="o">Tesis C75 2003</subfield>
    <subfield code="p">1101010385</subfield>
    <subfield code="r">2026-02-02 00:00:00</subfield>
    <subfield code="t">Ej.1</subfield>
    <subfield code="w">2022-01-18</subfield>
    <subfield code="y">TESIS</subfield>
  </datafield>
  <datafield tag="952" ind1=" " ind2=" ">
    <subfield code="0">0</subfield>
    <subfield code="1">0</subfield>
    <subfield code="2">local</subfield>
    <subfield code="4">0</subfield>
    <subfield code="7">0</subfield>
    <subfield code="8">TesDigL</subfield>
    <subfield code="a">IA_</subfield>
    <subfield code="b">IA_</subfield>
    <subfield code="c">E_L</subfield>
    <subfield code="d">2022-01-18</subfield>
    <subfield code="e">El autor</subfield>
    <subfield code="l">0</subfield>
    <subfield code="p">1201010385</subfield>
    <subfield code="r">2025-05-19 14:31:15</subfield>
    <subfield code="w">2022-01-18</subfield>
    <subfield code="y">TD</subfield>
  </datafield>
</record>
